000 00474nam a2200193 a 4500
001 1757570613641
003 ACL
005 20250911113554.0
008 250911s2006##################000#0#eng##
020 _a9781905158645
082 0 4 _a790.194
_bENR
100 1 _aEnright, Dominique,
_eauthor.
245 1 0 _aThe Boys' Book :
260 _bGardners Books,
_c2006.
300 _a128 pages
650 0 _aJuvenile Nonfiction.
942 _cENGLISH
040 _aACL
_beng
_cACL
999 _c586512
_d586512